00675 a2200193 4500010001400000020002200014035001300036037001800049082001100067090001500078100002100093245005200114260005700166270006100223300002300284942002600307999001500333952013300348 aENG-85401 c50.00a8185378002 aEN-68934 bD.B.Act / Pub14a230.42 c2215d22151 aNatarajan, A. R.1 aMeditationscby A. R. Natarajanbthe Ramana way aBangalorebRamana Maharshi Centre for Learningc2004 aPost office Road, Sanjay NagarbBangalorecKarnatakae94 a107 pc22 cm (Pbk) adplcENk230.42 / NAT c2175d2175 00102ddc40718NFICaDBADbDBADeDBAD/PUBg50.00l0o230.42 NATpEN-68934r2008-09-15 00:00:00t1u2307v50.00w2008-09-15yEN